[Event "Team men HL 2016"]
[Site "Sochi"]
[Date "2016.05.02"]
[Round "2.10"]
[White "Moskalenko, Alexander"]
[Black "Gabrielian, Artur"]
[Result "1-0"]
[LiveChessVersion "1.4.4"]
[BlackElo "2520"]
[WhiteElo "2464"]

1. d4 {[%clk 1:30:58]} Nf6 {[%clk 1:30:44]} 2. Nf3 {[%clk 1:31:21]} g6
{[%clk 1:30:40]} 3. Nbd2 {[%clk 1:29:02]} d5 {[%clk 1:20:24]} 4. e3
{[%clk 1:26:00]} Bg7 {[%clk 1:20:46]} 5. b4 {[%clk 1:24:21]} a5 {[%clk 1:21:02]}
6. b5 {[%clk 1:23:12]} c5 {[%clk 1:21:23]} 7. bxc6 {[%clk 1:23:12]} Nxc6
{[%clk 1:21:49]} 8. Be2 {[%clk 1:23:34]} Bf5 {[%clk 1:18:07]} 9. O-O
{[%clk 1:22:57]} O-O {[%clk 1:15:41]} 10. c4 {[%clk 1:21:48]} Nb4
{[%clk 1:02:04]} 11. Qb3 {[%clk 1:20:11]} Bc2 {[%clk 0:48:01]} 12. Qb2
{[%clk 1:09:11]} Qc7 {[%clk 0:44:30]} 13. a3 {[%clk 1:03:17]} Bd3
{[%clk 0:44:37]} 14. Bxd3 {[%clk 1:03:35]} Nxd3 {[%clk 0:45:01]} 15. Qb3
{[%clk 1:01:14]} dxc4 {[%clk 0:36:01]} 16. Nxc4 {[%clk 0:59:25]} Rac8
{[%clk 0:29:37]} 17. Nfd2 {[%clk 0:41:27]} Nc5 {[%clk 0:12:52]} 18. Qb6
{[%clk 0:31:10]} Nd5 {[%clk 0:09:06]} 19. Qxa5 {[%clk 0:25:15]} b6
{[%clk 0:06:06]} 20. Qb5 {[%clk 0:23:05]} Nc3 {[%clk 0:06:13]} 21. Qxb6
{[%clk 0:22:49]} Ne2+ {[%clk 0:05:09]} 22. Kh1 {[%clk 0:23:15]} Nd3
{[%clk 0:04:59]} 23. Qxc7 {[%clk 0:14:50]} Rxc7 {[%clk 0:05:28]} 24. Bb2
{[%clk 0:14:19]} e5 {[%clk 0:03:50]} 25. dxe5 {[%clk 0:10:21]} Nxb2
{[%clk 0:02:03]} 26. Nxb2 {[%clk 0:10:50]} Bxe5 {[%clk 0:02:20]} 27. Ndc4
{[%clk 0:10:03]} Bg7 {[%clk 0:02:30]} 28. Rfe1 {[%clk 0:03:21]} Nc3
{[%clk 0:02:53]} 29. a4 {[%clk 0:02:23]} Rb8 {[%clk 0:02:48]} 30. e4
{[%clk 0:01:27]} Nxa4 {[%clk 0:01:29]} 31. Rxa4 {[%clk 0:01:39]} Bxb2
{[%clk 0:01:55]} 32. g3 {[%clk 0:00:54]} Bd4 {[%clk 0:01:22]} 33. Re2
{[%clk 0:01:13]} Ra7 {[%clk 0:00:34]} 34. Rxa7 {[%clk 0:01:18]} Bxa7
{[%clk 0:01:02]} 35. Kg2 {[%clk 0:01:28]} Rb4 {[%clk 0:01:14]} 36. Ne5
{[%clk 0:01:50]} Bd4 {[%clk 0:01:16]} 37. Nc6 {[%clk 0:01:52]} Rc4
{[%clk 0:01:45]} 38. Ne7+ {[%clk 0:02:13]} Kf8 {[%clk 0:02:01]} 39. Nd5
{[%clk 0:02:39]} h5 {[%clk 0:02:16]} 40. Ra2 {[%clk 0:32:28]} Kg7
{[%clk 0:32:37]} 41. f4 {[%clk 0:31:38]} f6 {[%clk 0:20:39]} 42. h4
{[%clk 0:29:09]} Kf7 {[%clk 0:19:19]} 43. Kf3 f5 {[%clk 0:17:53]} 44. e5
{[%clk 0:25:49]} Rc5 {[%clk 0:17:32]} 45. Nf6 {[%clk 0:23:18]} Rc3+
{[%clk 0:17:08]} 46. Kg2 {[%clk 0:23:43]} Rb3 {[%clk 0:15:54]} 47. Ra6
{[%clk 0:23:13]} Rb2+ {[%clk 0:13:17]} 48. Kf1 {[%clk 0:23:30]} Rf2+
{[%clk 0:01:43]} 49. Ke1 {[%clk 0:23:40]} Rh2 {[%clk 0:01:35]} 50. Nd5
{[%clk 0:23:17]} Bf2+ {[%clk 0:00:39]} 51. Kf1 {[%clk 0:23:01]} Kg7
{[%clk 0:00:52]} 52. e6 {[%clk 0:22:29]} Bd4 {[%clk 0:00:32]} 53. e7
{[%clk 0:22:27]} 1-0

[Event "Team men HL 2016"]
[Site "Sochi"]
[Date "2016.05.02"]
[Round "2.11"]
[White "Yandarbiev, Ruslan"]
[Black "Sarana, Alexey"]
[Result "1-0"]
[LiveChessVersion "1.4.4"]
[BlackElo "2422"]
[WhiteElo "2353"]

1. Nf3 {[%clk 1:30:58]} d5 {[%clk 1:30:47]} 2. c4 {[%clk 1:31:13]} d4
{[%clk 1:29:54]} 3. g3 {[%clk 1:30:32]} g6 {[%clk 1:27:55]} 4. Bg2
{[%clk 1:28:53]} Bg7 {[%clk 1:28:20]} 5. d3 {[%clk 1:28:23]} a5 {[%clk 1:24:43]}
6. Na3 {[%clk 1:27:31]} Nf6 {[%clk 1:22:47]} 7. Bf4 {[%clk 1:24:06]} O-O
{[%clk 1:13:27]} 8. O-O {[%clk 1:17:02]} Nfd7 {[%clk 1:07:07]} 9. Qd2
{[%clk 1:13:49]} Nc6 {[%clk 1:06:49]} 10. h4 {[%clk 1:01:08]} Nc5
{[%clk 1:01:09]} 11. h5 {[%clk 0:58:37]} e5 {[%clk 0:55:25]} 12. Bh6
{[%clk 0:58:40]} Bf5 {[%clk 0:54:18]} 13. hxg6 {[%clk 0:52:34]} hxg6
{[%clk 0:54:42]} 14. Nb5 {[%clk 0:50:39]} Qe7 {[%clk 0:51:48]} 15. Nh4
{[%clk 0:48:13]} Bg4 {[%clk 0:50:27]} 16. Rae1 {[%clk 0:42:26]} Qd7
{[%clk 0:39:59]} 17. Qg5 {[%clk 0:37:00]} Bxh6 {[%clk 0:36:03]} 18. Qxh6
{[%clk 0:37:27]} Ne7 {[%clk 0:36:26]} 19. f3 {[%clk 0:33:52]} c6 {[%clk 0:26:03]}
20. fxg4 {[%clk 0:28:09]} cxb5 {[%clk 0:26:33]} 21. Nf5 {[%clk 0:27:24]} gxf5
{[%clk 0:23:38]} 22. Qg5+ {[%clk 0:27:40]} Ng6 {[%clk 0:23:42]} 23. gxf5
{[%clk 0:27:39]} Ra6 {[%clk 0:18:37]} 24. fxg6 {[%clk 0:24:29]} Rxg6
{[%clk 0:18:20]} 25. Qxe5 {[%clk 0:24:51]} b6 {[%clk 0:18:39]} 26. Rf6
{[%clk 0:19:28]} Rg7 {[%clk 0:14:27]} 27. Rxb6 {[%clk 0:16:26]} Qg4
{[%clk 0:12:59]} 28. Rxb5 {[%clk 0:14:50]} Ne6 {[%clk 0:13:12]} 29. Rb8
{[%clk 0:12:56]} Qxg3 {[%clk 0:10:36]} 30. Rxf8+ {[%clk 0:12:56]} Kxf8
{[%clk 0:11:04]} 31. Qxg3 {[%clk 0:13:14]} Rxg3 {[%clk 0:11:33]} 32. Rf1
{[%clk 0:12:43]} Re3 {[%clk 0:11:30]} 33. Rf2 {[%clk 0:12:41]} Nc5
{[%clk 0:10:11]} 34. Bd5 {[%clk 0:12:33]} Re7 {[%clk 0:10:38]} 35. Kf1
{[%clk 0:10:55]} Na4 {[%clk 0:10:41]} 36. Rf4 {[%clk 0:10:44]} Nxb2
{[%clk 0:10:38]} 37. Rxd4 {[%clk 0:11:05]} Nd1 {[%clk 0:11:00]} 38. c5
{[%clk 0:08:56]} Ne3+ {[%clk 0:09:49]} 39. Kf2 {[%clk 0:09:14]} Nd1+
{[%clk 0:10:17]} 40. Ke1 {[%clk 0:36:59]} Nc3 {[%clk 0:40:45]} 41. e4
{[%clk 0:36:43]} Rc7 {[%clk 0:39:28]} 42. c6 {[%clk 0:36:28]} Ke7
{[%clk 0:38:36]} 43. Kd2 {[%clk 0:35:43]} Nxd5 {[%clk 0:39:04]} 44. Rxd5
{[%clk 0:35:16]} Rxc6 {[%clk 0:39:29]} 45. Rxa5 {[%clk 0:35:38]} Kd6
{[%clk 0:39:55]} 46. d4 {[%clk 0:35:37]} Rc4 {[%clk 0:40:22]} 47. Kd3
{[%clk 0:35:52]} Rc1 {[%clk 0:40:50]} 48. e5+ {[%clk 0:35:46]} Ke6
{[%clk 0:41:13]} 49. Ra6+ {[%clk 0:36:07]} Kd5 {[%clk 0:41:08]} 1-0

[Event "Team men HL 2016"]
[Site "Sochi"]
[Date "2016.05.02"]
[Round "2.12"]
[White "Chernobay, Artem"]
[Black "Kozak, Alexander"]
[Result "1-0"]
[LiveChessVersion "1.4.4"]
[BlackElo "2280"]
[WhiteElo "2503"]

1. e4 {[%clk 1:30:56]} d5 {[%clk 1:30:49]} 2. exd5 {[%clk 1:31:02]} Nf6
{[%clk 1:31:08]} 3. d4 {[%clk 1:30:44]} Bg4 {[%clk 1:31:20]} 4. f3
{[%clk 1:27:30]} Bf5 {[%clk 1:31:41]} 5. Bb5+ {[%clk 1:24:27]} Nbd7
{[%clk 1:29:30]} 6. Nc3 {[%clk 1:15:01]} a6 {[%clk 1:29:22]} 7. Bd3
{[%clk 1:07:40]} Bxd3 {[%clk 1:29:06]} 8. Qxd3 {[%clk 1:08:04]} Nb6
{[%clk 1:29:06]} 9. Nge2 {[%clk 1:08:12]} Nfxd5 {[%clk 1:29:03]} 10. Ne4
{[%clk 1:07:40]} e6 {[%clk 1:18:33]} 11. a3 {[%clk 1:02:06]} Be7 {[%clk 1:12:28]}
12. O-O {[%clk 0:59:34]} O-O {[%clk 1:10:50]} 13. c4 {[%clk 0:57:49]} Nf6
{[%clk 1:10:58]} 14. Be3 {[%clk 0:46:32]} c5 {[%clk 1:01:08]} 15. Rfd1
{[%clk 0:43:33]} cxd4 {[%clk 0:49:35]} 16. Bxd4 {[%clk 0:41:00]} e5
{[%clk 0:46:08]} 17. Nxf6+ {[%clk 0:37:15]} gxf6 {[%clk 0:38:12]} 18. Bxb6
{[%clk 0:26:57]} Qxb6+ {[%clk 0:38:28]} 19. Kh1 {[%clk 0:27:22]} Qxb2
{[%clk 0:33:11]} 20. Nc3 {[%clk 0:25:06]} Kh8 {[%clk 0:31:49]} 21. Rdb1
{[%clk 0:16:52]} Qf2 {[%clk 0:28:56]} 22. Ne4 {[%clk 0:16:14]} Qd4
{[%clk 0:25:46]} 23. Qxd4 {[%clk 0:16:34]} exd4 {[%clk 0:26:09]} 24. Rxb7
{[%clk 0:17:02]} Rfe8 {[%clk 0:26:25]} 25. g4 {[%clk 0:17:25]} Rac8
{[%clk 0:26:35]} 26. c5 {[%clk 0:13:35]} Kg8 {[%clk 0:21:58]} 27. Rd1
{[%clk 0:12:58]} Rc6 {[%clk 0:09:58]} 28. Rxd4 {[%clk 0:08:42]} Bxc5
{[%clk 0:08:57]} 29. Rdd7 {[%clk 0:08:55]} Rf8 {[%clk 0:09:12]} 30. a4
{[%clk 0:09:20]} Be3 {[%clk 0:08:11]} 31. Rdc7 {[%clk 0:03:06]} Re6
{[%clk 0:08:19]} 32. Re7 {[%clk 0:01:46]} Bd4 {[%clk 0:06:58]} 33. Kg2
{[%clk 0:01:55]} Be5 {[%clk 0:04:39]} 34. Rxe6 {[%clk 0:01:49]} fxe6
{[%clk 0:05:02]} 35. Ra7 {[%clk 0:00:54]} Rc8 {[%clk 0:04:10]} 36. f4
{[%clk 0:01:11]} Rc2+ {[%clk 0:03:44]} 37. Kf3 {[%clk 0:01:34]} Bd4
{[%clk 0:03:56]} 38. Rxa6 {[%clk 0:01:38]} f5 {[%clk 0:04:14]} 39. Ng5
{[%clk 0:01:17]} Rc3+ {[%clk 0:03:03]} 40. Kg2 {[%clk 0:30:57]} Rc2+
{[%clk 0:32:50]} 41. Kf3 {[%clk 0:28:36]} Rc3+ {[%clk 0:30:52]} 42. Ke2
{[%clk 0:28:36]} Bg1 {[%clk 0:26:11]} 43. h3 {[%clk 0:18:26]} h6 {[%clk 0:24:20]}
44. Nxe6 {[%clk 0:18:49]} Rxh3 {[%clk 0:24:12]} 45. g5 {[%clk 0:16:52]} Re3+
{[%clk 0:05:41]} 46. Kf1 {[%clk 0:16:55]} Rg3 {[%clk 0:06:01]} 47. gxh6
{[%clk 0:15:21]} Be3 {[%clk 0:05:49]} 48. Ng5 {[%clk 0:15:37]} 1-0

[Event "Team men HL 2016"]
[Site "Sochi"]
[Date "2016.05.02"]
[Round "2.13"]
[White "Alekseenko, Kirill"]
[Black "Pustovoitova, Daria"]
[Result "1-0"]
[LiveChessVersion "1.4.4"]
[BlackElo "2304"]
[WhiteElo "2570"]

1. d4 {[%clk 1:30:41]} d5 {[%clk 1:29:34]} 2. Bf4 {[%clk 1:30:25]} Nf6
{[%clk 1:28:48]} 3. e3 {[%clk 1:30:29]} e6 {[%clk 1:28:05]} 4. Nf3
{[%clk 1:30:33]} Bd6 {[%clk 1:28:10]} 5. Bg3 {[%clk 1:29:32]} O-O
{[%clk 1:27:01]} 6. Nbd2 {[%clk 1:29:50]} c5 {[%clk 1:26:58]} 7. c3
{[%clk 1:30:12]} Nc6 {[%clk 1:19:40]} 8. Bb5 {[%clk 1:29:50]} Ne7
{[%clk 0:58:40]} 9. Bd3 {[%clk 1:30:13]} b6 {[%clk 0:58:05]} 10. e4
{[%clk 1:22:32]} Bxg3 {[%clk 0:47:37]} 11. hxg3 {[%clk 1:22:38]} Ng6
{[%clk 0:41:46]} 12. e5 {[%clk 1:21:07]} Nd7 {[%clk 0:42:08]} 13. Nh4
{[%clk 1:13:28]} f5 {[%clk 0:33:06]} 14. Qh5 {[%clk 1:06:01]} Qe8
{[%clk 0:22:48]} 15. Nxg6 {[%clk 0:43:44]} Qxg6 {[%clk 0:22:38]} 16. Qxg6
{[%clk 0:44:04]} hxg6 {[%clk 0:23:04]} 17. Nf3 {[%clk 0:44:00]} Kf7
{[%clk 0:22:44]} 18. b4 {[%clk 0:42:59]} c4 {[%clk 0:19:56]} 19. Bc2
{[%clk 0:43:21]} Nb8 {[%clk 0:20:21]} 20. a4 {[%clk 0:38:57]} Nc6
{[%clk 0:18:58]} 21. Kd2 {[%clk 0:38:45]} Bd7 {[%clk 0:15:07]} 22. Rh7
{[%clk 0:35:03]} Rh8 {[%clk 0:13:15]} 23. Ng5+ {[%clk 0:34:25]} Kg8
{[%clk 0:13:42]} 24. Rxh8+ {[%clk 0:31:12]} Kxh8 {[%clk 0:14:09]} 25. Nf7+
{[%clk 0:31:07]} Kg8 {[%clk 0:14:37]} 26. Nd6 {[%clk 0:31:25]} a6
{[%clk 0:11:28]} 27. Ke3 {[%clk 0:30:39]} Nd8 {[%clk 0:10:04]} 28. Kf4
{[%clk 0:30:36]} Nf7 {[%clk 0:10:32]} 29. Nxf7 {[%clk 0:29:38]} Kxf7
{[%clk 0:10:59]} 30. Rh1 {[%clk 0:30:02]} Rf8 {[%clk 0:11:09]} 31. Kg5
{[%clk 0:30:14]} Be8 {[%clk 0:11:21]} 32. g4 {[%clk 0:29:34]} Kg8
{[%clk 0:10:47]} 33. f4 {[%clk 0:24:06]} Bf7 {[%clk 0:01:10]} 34. gxf5
{[%clk 0:23:12]} gxf5 {[%clk 0:01:37]} 35. g4 {[%clk 0:22:43]} g6
{[%clk 0:00:52]} 36. gxf5 {[%clk 0:21:50]} exf5 {[%clk 0:00:39]} 37. Kf6
{[%clk 0:18:47]} Re8 {[%clk 0:00:40]} 38. Rh8+ {[%clk 0:18:44]} Kxh8
{[%clk 0:01:06]} 39. Kxf7 {[%clk 0:19:10]} Rg8 {[%clk 0:00:47]} 40. e6
{[%clk 0:49:35]} 1-0

[Event "Team men HL 2016"]
[Site "Sochi"]
[Date "2016.05.02"]
[Round "2.14"]
[White "Smirnov, Alexey"]
[Black "Levin, Evgeny A."]
[Result "1/2-1/2"]
[LiveChessVersion "1.4.4"]
[BlackElo "2510"]
[WhiteElo "2445"]

1. d4 {[%clk 1:30:56]} Nf6 {[%clk 1:30:56]} 2. c4 {[%clk 1:31:23]} e6
{[%clk 1:31:14]} 3. Nc3 {[%clk 1:31:48]} Bb4 {[%clk 1:31:39]} 4. e3
{[%clk 1:32:05]} c5 {[%clk 1:31:24]} 5. Bd3 {[%clk 1:32:21]} O-O {[%clk 1:30:06]}
6. Nf3 {[%clk 1:32:35]} d5 {[%clk 1:29:44]} 7. O-O {[%clk 1:32:52]} Nc6
{[%clk 1:29:19]} 8. cxd5 {[%clk 1:33:08]} exd5 {[%clk 1:29:44]} 9. dxc5
{[%clk 1:33:29]} Bxc5 {[%clk 1:29:47]} 10. h3 {[%clk 1:33:56]} a6
{[%clk 1:28:28]} 11. b3 {[%clk 1:33:19]} d4 {[%clk 1:25:09]} 12. Na4
{[%clk 1:29:18]} Ba7 {[%clk 1:25:35]} 13. exd4 {[%clk 1:29:25]} Nxd4
{[%clk 1:25:48]} 14. Bb2 {[%clk 1:28:45]} Ne6 {[%clk 1:25:29]} 15. Qc2
{[%clk 0:50:03]} Nf4 {[%clk 1:24:54]} 16. Rad1 {[%clk 0:46:32]} Nxd3
{[%clk 1:22:01]} 17. Rxd3 {[%clk 0:46:59]} Bf5 {[%clk 1:21:52]} 18. Rxd8
{[%clk 0:47:26]} Bxc2 {[%clk 1:22:16]} 19. Rxa8 {[%clk 0:47:46]} Rxa8
{[%clk 1:22:42]} 20. Bd4 {[%clk 0:46:01]} Bxd4 {[%clk 1:07:19]} 21. Nxd4
{[%clk 0:46:27]} Be4 {[%clk 1:07:01]} 22. f3 {[%clk 0:34:54]} Rd8
{[%clk 0:52:29]} 23. Rd1 {[%clk 0:32:32]} Bc6 {[%clk 0:52:28]} 24. Nc3
{[%clk 0:31:49]} Bd7 {[%clk 0:42:32]} 25. Kf2 {[%clk 0:31:11]} Rc8
{[%clk 0:41:50]} 26. Nce2 {[%clk 0:27:18]} Nd5 {[%clk 0:40:43]} 27. Nf5
{[%clk 0:25:25]} Bxf5 {[%clk 0:39:45]} 28. Rxd5 {[%clk 0:25:52]} Be6
{[%clk 0:40:01]} 29. Rd2 {[%clk 0:26:15]} Kf8 {[%clk 0:29:30]} 30. Nf4
{[%clk 0:25:57]} Bf5 {[%clk 0:25:18]} 31. g4 {[%clk 0:24:58]} Rc2
{[%clk 0:25:08]} 32. Ke2 {[%clk 0:24:44]} Rxd2+ {[%clk 0:25:22]} 33. Kxd2
{[%clk 0:25:11]} Bd7 {[%clk 0:25:27]} 34. h4 {[%clk 0:24:30]} Ke7
{[%clk 0:24:20]} 35. Ke3 {[%clk 0:24:09]} Bc6 {[%clk 0:22:23]} 36. a3
{[%clk 0:22:04]} h6 {[%clk 0:20:12]} 37. g5 {[%clk 0:21:27]} hxg5
{[%clk 0:19:29]} 38. hxg5 {[%clk 0:21:55]} f6 {[%clk 0:17:45]} 39. gxf6+
{[%clk 0:21:21]} Kxf6 {[%clk 0:17:09]} 40. Nh5+ {[%clk 0:50:36]} Kg6
{[%clk 0:47:12]} 41. Ng3 {[%clk 0:51:04]} Kf6 {[%clk 0:45:10]} 42. f4
{[%clk 0:50:33]} Ke5 43. Ke4+ 1/2-1/2

[Event "Team men HL 2016"]
[Site "Sochi"]
[Date "2016.05.02"]
[Round "2.15"]
[White "Usmanov, Vasily"]
[Black "Babarykin, Stanislav"]
[Result "1/2-1/2"]
[LiveChessVersion "1.4.4"]
[BlackElo "2396"]
[WhiteElo "2436"]

1. Nf3 {[%clk 1:30:55]} d5 {[%clk 1:25:15]} 2. e3 {[%clk 1:31:09]} c5
{[%clk 1:17:28]} 3. b3 {[%clk 1:30:44]} Nc6 {[%clk 1:14:37]} 4. Bb2
{[%clk 1:30:50]} Bf5 {[%clk 1:14:48]} 5. Bb5 {[%clk 1:30:08]} Qb6
{[%clk 1:14:45]} 6. c4 {[%clk 1:26:25]} e6 {[%clk 1:10:42]} 7. Nc3
{[%clk 1:25:23]} dxc4 {[%clk 1:03:59]} 8. bxc4 {[%clk 1:20:56]} Nf6
{[%clk 1:04:03]} 9. Qb3 {[%clk 0:54:11]} Be7 {[%clk 0:44:21]} 10. Nh4
{[%clk 0:39:35]} Bg6 {[%clk 0:31:30]} 11. Nxg6 {[%clk 0:34:57]} hxg6
{[%clk 0:31:56]} 12. Ba4 {[%clk 0:32:02]} Qc7 {[%clk 0:28:45]} 13. Rb1
{[%clk 0:25:21]} O-O {[%clk 0:22:42]} 14. Bxc6 {[%clk 0:25:44]} Qxc6
{[%clk 0:22:51]} 15. O-O {[%clk 0:26:10]} Rfd8 {[%clk 0:21:58]} 16. Rfd1
{[%clk 0:26:39]} Rd7 {[%clk 0:21:04]} 17. d3 {[%clk 0:25:25]} Rad8
{[%clk 0:19:59]} 18. Ne2 {[%clk 0:25:35]} Qc7 {[%clk 0:17:03]} 19. h3
{[%clk 0:25:46]} Bd6 20. Kf1 {[%clk 0:23:48]} Be5 {[%clk 0:14:45]} 21. Ba3
{[%clk 0:23:54]} Qa5 {[%clk 0:11:51]} 22. Ng1 {[%clk 0:21:05]} Rd6
{[%clk 0:08:51]} 23. Nf3 {[%clk 0:21:16]} Rb6 {[%clk 0:08:46]} 24. Qc2
{[%clk 0:22:02]} Rxb1 25. Rxb1 {[%clk 0:22:30]} Qxa3 {[%clk 0:07:51]} 26. Nxe5
{[%clk 0:21:46]} Nd7 27. Rb3 Qa4 {[%clk 0:05:58]} 28. Nf3 {[%clk 0:20:29]} Qc6
{[%clk 0:04:15]} 29. Qb2 {[%clk 0:20:24]} b6 {[%clk 0:04:38]} 30. Qa3
{[%clk 0:19:35]} Qc7 {[%clk 0:05:01]} 31. Ke2 {[%clk 0:18:05]} Nb8
{[%clk 0:05:25]} 32. Qb2 {[%clk 0:17:48]} Nc6 {[%clk 0:05:52]} 33. a3
{[%clk 0:18:03]} Qd6 {[%clk 0:05:19]} 34. Qc3 {[%clk 0:18:14]} e5
{[%clk 0:05:17]} 35. Rb1 {[%clk 0:17:26]} Qe7 {[%clk 0:05:16]} 36. Nd2
{[%clk 0:16:10]} Qg5 {[%clk 0:04:19]} 37. Kf1 {[%clk 0:15:46]} Rd7
{[%clk 0:04:41]} 38. Rd1 {[%clk 0:12:42]} Qh5 {[%clk 0:04:11]} 39. Re1
{[%clk 0:11:01]} g5 {[%clk 0:03:58]} 40. Nf3 {[%clk 0:40:34]} f6 {[%clk 0:33:11]}
41. Nh2 {[%clk 0:36:45]} Qe8 {[%clk 0:27:35]} 42. e4 {[%clk 0:34:39]} Qd8
{[%clk 0:09:25]} 43. Rd1 {[%clk 0:34:38]} Rd4 {[%clk 0:06:27]} 44. Rd2
{[%clk 0:34:17]} Qd7 {[%clk 0:05:45]} 45. Ng4 {[%clk 0:33:57]} f5
{[%clk 0:05:06]} 46. exf5 {[%clk 0:34:03]} Qxf5 {[%clk 0:04:45]} 47. Kg1
{[%clk 0:25:39]} e4 {[%clk 0:04:02]} 48. dxe4 {[%clk 0:25:44]} Qxe4
{[%clk 0:04:21]} 49. Rxd4 {[%clk 0:23:35]} cxd4 {[%clk 0:04:06]} 50. Qd2
{[%clk 0:23:14]} Ne5 {[%clk 0:02:56]} 51. Qxg5 {[%clk 0:19:48]} Qe1+
{[%clk 0:02:34]} 52. Kh2 {[%clk 0:20:14]} Nxg4+ {[%clk 0:02:47]} 53. Qxg4
{[%clk 0:20:41]} Qxf2 {[%clk 0:02:56]} 54. Qe6+ {[%clk 0:20:51]} Kh8
{[%clk 0:02:14]} 55. Qe8+ {[%clk 0:21:11]} Kh7 {[%clk 0:02:37]} 56. Qh5+
{[%clk 0:21:37]} Kg8 {[%clk 0:02:56]} 1/2-1/2

[Event "Team men HL 2016"]
[Site "Sochi"]
[Date "2016.05.02"]
[Round "2.16"]
[White "Meshkov, Yuri A."]
[Black "Palchun, Grigory"]
[Result "1-0"]
[LiveChessVersion "1.4.4"]
[BlackElo "2320"]
[WhiteElo "2354"]

1. d4 {[%clk 1:30:58]} Nf6 {[%clk 1:30:55]} 2. Bf4 {[%clk 1:31:27]} e6
{[%clk 1:31:14]} 3. e3 {[%clk 1:31:45]} c5 {[%clk 1:30:40]} 4. c3
{[%clk 1:31:58]} b6 {[%clk 1:30:52]} 5. Nd2 {[%clk 1:30:36]} Be7 {[%clk 1:28:13]}
6. h3 {[%clk 1:30:53]} O-O {[%clk 1:28:05]} 7. Ngf3 {[%clk 1:31:04]} Bb7
{[%clk 1:28:12]} 8. Bd3 {[%clk 1:30:49]} d6 {[%clk 1:28:03]} 9. Qe2
{[%clk 1:30:00]} Nc6 {[%clk 1:26:32]} 10. O-O {[%clk 1:30:04]} Qc7
{[%clk 1:26:01]} 11. Bh2 {[%clk 1:25:43]} Rfe8 {[%clk 1:25:25]} 12. e4
{[%clk 1:09:47]} e5 {[%clk 1:23:17]} 13. dxc5 {[%clk 1:09:53]} dxc5
{[%clk 1:23:14]} 14. Bb5 {[%clk 1:08:26]} Nd7 {[%clk 1:18:27]} 15. a4
{[%clk 1:05:15]} a6 {[%clk 1:16:55]} 16. Bc4 {[%clk 1:05:43]} Na5
{[%clk 1:11:09]} 17. Ba2 {[%clk 1:05:44]} b5 {[%clk 1:09:52]} 18. axb5
{[%clk 0:39:07]} axb5 {[%clk 1:10:18]} 19. b4 {[%clk 0:39:22]} cxb4
{[%clk 1:03:02]} 20. cxb4 {[%clk 0:39:51]} Bxb4 {[%clk 1:00:05]} 21. Rfc1
{[%clk 0:28:42]} Qd6 {[%clk 0:48:48]} 22. Qxb5 {[%clk 0:22:20]} Bc6
{[%clk 0:17:56]} 23. Qe2 {[%clk 0:21:45]} Qg6 {[%clk 0:18:10]} 24. Rab1
{[%clk 0:16:02]} Rab8 {[%clk 0:14:42]} 25. Nh4 {[%clk 0:14:12]} Qf6
{[%clk 0:13:58]} 26. Ndf3 {[%clk 0:13:28]} g6 {[%clk 0:10:29]} 27. Qe3
{[%clk 0:13:39]} Be7 {[%clk 0:06:14]} 28. Rxb8 {[%clk 0:12:21]} Rxb8
{[%clk 0:06:40]} 29. Qc3 {[%clk 0:10:57]} Bb4 {[%clk 0:06:54]} 30. Qe3
{[%clk 0:09:55]} Kg7 {[%clk 0:04:28]} 31. Bg3 {[%clk 0:10:14]} Nb7
{[%clk 0:02:46]} 32. Nh2 {[%clk 0:08:25]} h5 {[%clk 0:01:54]} 33. N4f3
{[%clk 0:08:37]} Bc5 {[%clk 0:01:12]} 34. Qd2 {[%clk 0:06:28]} Re8
{[%clk 0:00:58]} 35. Ng5 {[%clk 0:05:43]} Nd6 {[%clk 0:00:59]} 36. Nhf3
{[%clk 0:05:15]} Re7 {[%clk 0:00:51]} 37. Qc2 {[%clk 0:03:12]} Kh8
{[%clk 0:00:40]} 38. Bh4 {[%clk 0:02:19]} Qg7 {[%clk 0:01:09]} 39. Rd1
{[%clk 0:02:32]} f6 {[%clk 0:00:40]} 40. Ne6 {[%clk 0:32:48]} Bxe4
{[%clk 0:30:42]} 41. Qe2 {[%clk 0:32:18]} Rxe6 {[%clk 0:24:58]} 42. Bxe6
{[%clk 0:31:48]} Nf8 {[%clk 0:23:05]} 43. Bd5 {[%clk 0:28:08]} Bxd5
{[%clk 0:22:06]} 44. Rxd5 {[%clk 0:28:32]} Ne6 {[%clk 0:21:40]} 45. Qd1
{[%clk 0:27:14]} Qf8 {[%clk 0:19:45]} 46. Qc2 {[%clk 0:24:36]} Nf5
{[%clk 0:10:36]} 47. g4 {[%clk 0:19:28]} hxg4 {[%clk 0:08:12]} 48. hxg4
{[%clk 0:19:56]} Ned4 {[%clk 0:05:13]} 49. Nxd4 {[%clk 0:17:09]} Nxd4
{[%clk 0:05:40]} 50. Qxg6 {[%clk 0:16:23]} Nf3+ {[%clk 0:06:00]} 51. Kf1
{[%clk 0:15:25]} Nxh4 {[%clk 0:04:30]} 52. Qh5+ {[%clk 0:15:53]} Kg7
{[%clk 0:04:39]} 53. Rd7+ {[%clk 0:13:03]} Be7 {[%clk 0:05:06]} 54. Qxh4
{[%clk 0:13:23]} Qe8 {[%clk 0:05:29]} 55. Ra7 {[%clk 0:11:46]} Qb5+
{[%clk 0:05:29]} 56. Kg1 {[%clk 0:12:04]} Qb1+ {[%clk 0:05:49]} 57. Kh2
{[%clk 0:12:30]} Qb4 {[%clk 0:06:14]} 58. Qg3 {[%clk 0:11:09]} Kf8
{[%clk 0:03:17]} 59. Qf3 {[%clk 0:07:42]} Qd4 {[%clk 0:02:48]} 60. Ra8+
{[%clk 0:07:56]} Kg7 {[%clk 0:02:57]} 61. Kh3 {[%clk 0:07:09]} e4
{[%clk 0:02:34]} 62. Qb3 {[%clk 0:03:14]} Bd8 {[%clk 0:01:09]} 63. Rb8
{[%clk 0:02:44]} Qd2 {[%clk 0:00:40]} 64. Qb7+ {[%clk 0:02:37]} Kh6
{[%clk 0:00:59]} 65. Qa7 {[%clk 0:02:06]} Kg6 {[%clk 0:01:18]} 66. Rb7
{[%clk 0:02:29]} Qh6+ {[%clk 0:01:34]} 67. Kg2 {[%clk 0:02:54]} Qf8
{[%clk 0:01:10]} 68. Qe3 {[%clk 0:03:08]} f5 {[%clk 0:00:50]} 69. Qf4
{[%clk 0:03:25]} Qc5 {[%clk 0:00:34]} 70. gxf5+ {[%clk 0:03:41]} Kf6
{[%clk 0:00:58]} 71. Qxe4 {[%clk 0:03:47]} Qc3 {[%clk 0:01:03]} 72. Qe6+
{[%clk 0:03:49]} Kg5 {[%clk 0:01:30]} 73. Rb3 {[%clk 0:03:55]} 1-0

[Event "Team men HL chess 2016"]
[Site "Sochi"]
[Date "2016.05.02"]
[Round "2.5"]
[White "Chigaev, Maksim"]
[Black "Ponomarenko, Alexandr"]
[Result "1-0"]
[WhiteElo "2552"]
[BlackElo "2240"]
[PlyCount "83"]
[EventDate "2016.05.01"]

1. c4 e5 2. Nc3 Nf6 3. g3 Nc6 4. Bg2 d6 5. Nf3 Be6 6. d3 Qd7 7. O-O Bh3 8. Bg5
Bxg2 9. Kxg2 Be7 10. Rb1 a5 11. a3 h6 12. Bxf6 Bxf6 13. Nd2 h5 14. e3 Ne7 15.
Nde4 Ng8 16. d4 Bd8 17. dxe5 dxe5 18. Qf3 Qg4 19. Nc5 Qxf3+ 20. Kxf3 b6 21. Nd3
f6 22. c5 Nh6 23. Rbc1 Nf7 24. h4 Rb8 25. cxb6 cxb6 26. Nb5 Rb7 27. Rfd1 Rh6
28. e4 Rd7 29. Ne1 f5 30. exf5 Nd6 31. Nxd6+ Rhxd6 32. Rxd6 Rxd6 33. Ke4 Rd4+
34. Ke3 Rd5 35. Nf3 Rb5 36. Rc2 Bf6 37. Ke4 Kd7 38. Nd2 Ke7 39. b3 a4 40. b4
Kd6 41. Nc4+ Ke7 42. Rd2 1-0

[Event "Team men HL chess 2016"]
[Site "Sochi"]
[Date "2016.05.02"]
[Round "2.5"]
[White "Dulenko, Maxim"]
[Black "Rozum, Ivan"]
[Result "0-1"]
[WhiteElo "2148"]
[BlackElo "2559"]
[PlyCount "76"]
[EventDate "2016.05.01"]

1. e4 c6 2. Nf3 d5 3. exd5 cxd5 4. Ne5 Nf6 5. d4 g6 6. Nc3 Bg7 7. Be2 O-O 8. h4
Nc6 9. Be3 h5 10. Qd2 Be6 11. f3 Rc8 12. Nd1 Qc7 13. Nxc6 bxc6 14. Nf2 c5 15.
c3 cxd4 16. cxd4 Bf5 17. Ba6 Rcd8 18. Rc1 Qb6 19. Bd3 Be6 20. b4 Ne8 21. Rc5
Nd6 22. b5 Nc4 23. Bxc4 dxc4 24. Ne4 Bf5 25. a4 Qb7 26. Nf2 Rc8 27. O-O Rfd8
28. Rxc8 Rxc8 29. Rc1 Qd5 30. Qc3 Bf6 31. Qa5 Bxd4 32. Rd1 Bd3 33. Bxd4 Qxd4
34. Qb4 e5 35. a5 Rb8 36. g3 Qe3 37. Kg2 Be2 38. Rd7 Qxf3+ 0-1